| Tag |
First Indicator |
Second Indicator |
Subfields |
| LEADER |
00000pam a2200000 a 4500 |
| 001 |
in00000072729 |
| 005 |
20151008054615.0 |
| 008 |
791003s1980 ilu d 00010 engm |
| 010 |
|
|
|a 79023015
|
| 020 |
|
|
|a 0398040095
|
| 035 |
|
|
|a (OCoLC)05564887
|
| 035 |
|
|
|9 AAJ1149AM
|
| 040 |
|
|
|a DLC
|c DLC
|d TXA
|d UtOrBLW
|
| 049 |
|
|
|a TXAM
|
| 050 |
0 |
0 |
|a LC3957
|b .M66
|
| 082 |
0 |
|
|a 371.9/03
|
| 100 |
1 |
|
|a Moore, Byron C.
|
| 245 |
1 |
2 |
|a A dictionary of special education terms /
|c by Byron C. Moore, Willard Abraham, Clarence R. Laing ; with a foreword by Samuel A. Kirk.
|
| 264 |
|
1 |
|a Springfield, Ill. :
|b Thomas,
|c [1980]
|
| 264 |
|
4 |
|c ©1980
|
| 300 |
|
|
|a ix, 117 pages ;
|c 23 cm.
|
| 336 |
|
|
|a text
|b txt
|2 rdacontent
|
| 337 |
|
|
|a unmediated
|b n
|2 rdamedia
|
| 338 |
|
|
|a volume
|b nc
|2 rdacarrier
|
| 650 |
|
0 |
|a Special education
|x Dictionaries.
|
| 700 |
1 |
|
|a Abraham, Willard.
|
| 700 |
1 |
|
|a Laing, Clarence R.
|
| 999 |
|
|
|a MARS
|
| 999 |
f |
f |
|s 5ad9c508-da38-3522-a62f-bee5c64783a4
|i 703a6374-1c4a-3405-b511-b7245c2afb5d
|t 0
|
| 952 |
f |
f |
|p normal
|a Texas A&M University
|b College Station
|c Sterling C. Evans Library
|d Evans: Library Stacks
|t 0
|e LC3957 .M66
|h Library of Congress classification
|i unmediated -- volume
|m A14837325836
|
| 998 |
f |
f |
|a LC3957 .M66
|t 0
|l Evans: Library Stacks
|